000 02689cam a2200445 i 4500
001 bcotR000259
005 20210215102206.0
006 m u
007 cr cn ---uuuuu
008 180724s2018 hiua o 000 0 eng d
035 _a(OCoLC)1048362506
037 _bBCOpenCampus
_cCostFree
_fFormOnline
_gAccessOpen
040 _aCaBSKC
_beng
_erda
_cCaBSKC
050 4 _aRA784
_b.C35 2018eb
100 1 _aCalabrese, Allison,
_eauthor
245 1 0 _aHuman nutrition /
_cAllison Calabrese, Cheryl Gibby, Billy Meinke, Marie Kainoa Fialkowski Revilla, and Alan Titchenal.
264 1 _bUniversity of Hawaii at Manoa, Food Science and Human Nutrition Program,
264 2 _bBCcampus, BC Open Textbook Project
300 _a1 online resource (xvi, 648 pages) :
_billustrations
500 _aThis bibliographic record is available under the Creative Commons CC0 "No Rights Reserved" license.
500 _aThis work is licensed under the Creative Commons Attribution-NonCommercial-ShareAlike License.
520 _a"This open textbook was developed as an introductory nutrition resource to reflect the diverse dietary patterns of people in Hawai'i and the greater Pacific. It serves as an introduction to nutrition for undergraduate students and is the OER textbook for the FSHN 185 The Science of Human Nutrition course at the University of Hawai'i at Manoa. The book covers basic concepts in human nutrition, key information about essential nutrients, basic nutritional assessment, and nutrition across the lifespan."--BC Campus website.
588 _aDescription based on online resource; title from PDF title page (viewed on July 23, 2018).
650 0 _aNutrition
_vTextbooks.
655 0 _aElectronic books.
700 1 _aGibby, Cheryl,
_eauthor.
700 1 _aMeinke, Billy,
_eauthor.
700 1 _aRevilla, Marie Kainoa Fialkowski,
_eauthor.
700 1 _aTitchenal, Alan,
_eauthor.
710 2 _aUniversity of Hawaii at Manoa.
_bFood Science and Human Nutrition Program,
_eissuing body.
710 2 _aBC Open Textbook Project,
_edistributor.
710 2 _aBCcampus.
856 4 0 _3BC Open Textbook Project title homepage.
_uhttps://open.bccampus.ca/find-open-textbooks/?uuid=08bc1e30-2b29-48a2-b23f-0945112fa2f8&contributor=&keyword=&subject=
856 4 0 _3BC Open Textbook Project.
_uhttp://solr.bccampus.ca:8001/bcc/file/08bc1e30-2b29-48a2-b23f-0945112fa2f8/1/Human-Nutrition.pdf
856 4 0 _3UH Pressbooks.
_uhttp://pressbooks-dev.oer.hawaii.edu/humannutrition/
999 _c28398
_d28398